| 000 | 01985nam a2200421 c 4500 | ||
|---|---|---|---|
| 003 | BLK | ||
| 005 | 20240621125717.0 | ||
| 008 | 180410b bul|||||r ||||||| ||bul|| | ||
| 010 | _aKNG00164383000 | ||
| 020 |
_a978-954-439-931-3 _bиздат.: Слово |
||
| 040 | _aBLK | ||
| 041 |
_aBUL _cBUL |
||
| 072 | 7 |
_2bullib _aН37 _xОбразование. Педагогика Н |
|
| 080 |
_aЗанимания в предучилищна възраст _b372.3 _x _z372.3 |
||
| 100 |
_aПетрова, Веселина Василева _d1954 - _9253577 |
||
| 139 |
_aМоливко _bМ 81 |
||
| 245 | 1 | 0 |
_aМоливко _bКн. за учителя за предучилищно възпитание и подготовка на 4-5 год. деца по всички образователни направления и диагностика _cВеселина Василева Петрова. _nКн. за учителя |
| 250 | _a3. доп. изд. | ||
| 257 | _aBGR | ||
| 260 |
_аВ. Търново _bСлово _c2010 _fВ. Търново : Абагар |
||
| 300 |
_a735 с. _bс табл., ил. _c24 см |
||
| 380 | _a3 | ||
| 490 | 1 | _aМоливко | |
| 500 | _a1. изд. 2005 г. - Библиогр. след отд. направления. | ||
| 650 | 4 |
_aПредучилищно възпитание _9241578 |
|
| 650 | 0 |
_aДетски градини - учебно-възпитателна работа _9245906 |
|
| 653 | _aпредучилищна подготовка | ||
| 653 | _aдетски градини | ||
| 653 | _aучебно-възпитателна работа | ||
| 659 | _aН | ||
| 760 | 1 |
_aПетрова, Веселина Василева _b3. доп. изд. _d2010 _tКн. за учителя |
|
| 852 | _aЦб 270468 | ||
| 856 | 4 |
_qpdf _u |
|
| 856 | 4 |
_qpdf _u |
|
| 942 |
_cKNG _n0 _02 |
||
| 944 |
_aCR _c27.08.2014 _k30560 _lГеновева Генчева |
||
| 944 |
_aED _c09.04.2015 _kГеновева_Генчева |
||
| 999 |
_c157439 _d157439 |
||